Music Quiz

Random Music or Missing Word Quiz
Score 0/50 Timer 06:00
0 Plays Today
% Correct
Time
89.7%
Genie
86.9%
West
85.2%
Impress
84.4%
Miss
81.6%
Hands
80.4%
Scrubs
80.2%
You
80.1%
Knock
80%
Close
79%
Long
78.5%
Fly
71.5%
Scar
69.8%
Still
68.7%
Star
68.6%
Azz
67%
Beautiful
66.7%
Kiss
66.3%
Tonight
66.2%
Steal
64.7%
Okay
64.6%
Give
61.7%
Morning
60.4%
Friends
60.1%
Waiting
58.4%
% Correct
Like
58.3%
Had
58.1%
Head
55.8%
Back
55.3%
Girls
52.2%
Last
50.8%
High
50.1%
Summer
47.2%
Black
46.1%
Angel
44.5%
Remember
44.3%
Cherish
43.3%
Almost
42.3%
Man
36.4%
Sweet
31.3%
Lost
31.1%
Music
30.5%
Pictures
30.3%
World
28.2%
Ready
25.3%
Cowboy
23.8%
Satisfy
22.5%
Pigeons
21.2%
Anxious
16.2%
Gone
10.9%

You're not logged in!

Compare scores with friends on all Sporcle quizzes.
OR
Log In

Sporcle TV

Today on Sporcle TV


Watch our educational content, quiz creation guides, and fun videos on Sporcle TV.

Show Comments

Extras

Top Quizzes Today


Score Distribution

Paid Content

Your Account Isn't Verified!

In order to create a playlist on Sporcle, you need to verify the email address you used during registration. Go to your Sporcle Settings to finish the process.

Report this User

Report this user for behavior that violates our Community Guidelines.

Details: